Tous les joueurs de Raimon et Inazuma Japon - Statistiques

Statistiques générales
  • Ce quiz a été pris 2 193 fois
  • Le résultat moyen est 23 sur 29
Statistiques - réponses
Numéro(s) porté(s) Réponse % Correct
10 Axel
99%
1 et 15 Mark
99%
3 Jack
96%
14 Jude
96%
2 Nathan
94%
9 Shawn
94%
11 et 17 Kevin
93%
18 Xavier
91%
5 Tod
89%
11 Austin
86%
1, 5 et 20 Daren
86%
8 Caleb
84%
6 Scott
84%
13 Bobby
81%
4 Hurley
80%
7 Archer
79%
16 Erik
79%
12 Thor
79%
4 Jim
78%
8 Sam
78%
13 jordan
77%
12 Willy
77%
6 Steve
76%
16 David
73%
7 Timmy
73%
8 Tori
66%
7 Sue
63%
9 Maxwell
55%
17 Shadow
43%
Aucun quiz correspondant
Distribution des résultats
% des personnes avec chaque résultat
Percentile par nombre de réponses
Votre historique - résultats
Vous n’avez pas pris ce quiz